000 00497cam a2200193ua 4500
020 _c5.00
041 _aeng
_h
082 _a518
_bVEN/EN
100 _aVenkataraman, M K .
245 _aEngineering mathematics first year, Vol 1 /
_cM K Venkataraman.
_hTextual Documents
250 _aRev. /
_b.
260 _aChennai :
_bThe National Publishing Co ,
_c1965.
300 _a269 ; .
365 _a5.00
504 _a
700 1 _aKrishnan, S .
942 _cBK
999 _c6354
_d6354